Entry Personal Name
Number of records used in: 1
001 - CONTROL NUMBER
003 - CONTROL NUMBER IDENTIFIER
005 - DATE AND TIME OF LATEST TRANSACTION
- control field:
20210914110053.0
008 - FIXED-LENGTH DATA ELEMENTS
- fixed length control field:
090210n| azannaabn |n aaa
010 ## - LIBRARY OF CONGRESS CONTROL NUMBER
- LC control number:
n 2009008622
040 ## - CATALOGING SOURCE
- Original cataloging agency:
DLC
- Language of cataloging:
eng
- Description conventions:
rda
- Transcribing agency:
DLC
- Modifying agency:
DLC
046 ## - SPECIAL CODED DATES
100 1# - HEADING--PERSONAL NAME
- Personal name:
Shanahan, Patrick D.,
- Dates associated with a name:
1968-
670 ## - SOURCE DATA FOUND
- Source citation:
A first course in complex variables with applications, 2003:
- Information found:
CIP t.p. (Patrick D. Shanahan; Loyola Marymount University) pref. (Los Angeles)
670 ## - SOURCE DATA FOUND
- Source citation:
Zill, Dennis G. A first course in complex analysis with applications, c2009:
- Information found:
ECIP t.p. (Patrick Shanahan) book t.p. (Patrick D. Shanahan)
670 ## - SOURCE DATA FOUND
- Source citation:
Info. from publisher, Feb. 10, 2009
- Information found:
(b. 1968)